| 000 | 00000nam##2200000za#4500 |
| 001 | 9.643550 |
| 003 | CaOODSP |
| 005 | 20210624224224 |
| 007 | cr ||||||||||| |
| 008 | 150407|2006||||xxc|||||o f|0| 0 fre|d |
| 040 | |aCaOODSP|bfre |
| 043 | |an-cn--- |
| 086 | 1 |aH164-176/2006F-PDF |
| 110 | 1 |aCanada. |bDirection générale des produits de santé et des aliments. |
| 245 | 10|aPlan de renouveau : |h[ressource électronique]|brapport sur les consultations régionales |
| 260 | |aOttawa - Ontario : |bSanté Canada. |cNovembre 2006. |
| 300 | |a36p. |
| 590 | |a14-14-Supp|b2014-07-24 |
| 691 | 07|aAliment|2gcpds |
| 691 | 07|aProduit pour les soins de santé|2gcpds |
| 691 | 07|aRéglementation|2gcpds |
| 775 | 08|tBlueprint for renewal : |w(CaOODSP)9.699431 |
| 856 | 40|ahttp://publications.gc.ca|qPDF|s218 Ko|uhttps://publications.gc.ca/collections/collection_2014/sc-hc/H164-176-2006-fra.pdf |